Loading...
Science - Physics | 1 | 2 | 0 | 0 | 35 | 47 | 92.00 | 0 | 1 |
Science - Chemistry | 0 | 4 | 1 | 0 | 35 | 92 | 111.25 | 0 | 2 |
Science - Other Science | 1 | 1 | 0 | 0 | 25 | 51 | 91.50 | 1 | 1 |
Fine Arts - Classical Music | 0 | 2 | 0 | 1 | 20 | 98 | 129.50 | 0 | 1 |
Fine Arts - Other Fine Arts | 0 | 2 | 0 | 0 | 20 | 125 | 129.00 | 0 | 0 |
Literature - Poetry | 0 | 2 | 0 | 1 | 20 | 138 | 154.00 | 0 | 0 |
Philosophy | 0 | 1 | 0 | 0 | 10 | 83 | 83.00 | 0 | 0 |
Literature - Long Fiction | 0 | 1 | 0 | 0 | 10 | 128 | 128.00 | 0 | 1 |
Literature - Short Fiction | 0 | 1 | 0 | 0 | 10 | 150 | 150.00 | 0 | 0 |
Other Academic | 0 | 1 | 0 | 1 | 10 | 144 | 144.00 | 0 | 0 |
Religion | 0 | 1 | 0 | 0 | 10 | 110 | 110.00 | 0 | 1 |
Social Science | 0 | 1 | 1 | 1 | 5 | 140 | 140.00 | 1 | 1 |
Science - Biology | 0 | 0 | 1 | 0 | -5 | 0.00 | 0 | 0 |